| 000 | 00377nam a2200169Ia 4500 | ||
|---|---|---|---|
| 008 | 180424s9999 xx 000 0 und d | ||
| 084 | _aT10 I21:10 | ||
| 100 | _a"Iraianbu, V" | ||
| 245 | 0 | _aSagavaram | |
| 250 | _a\\201000ENGGPCX | ||
| 260 | _aNCBH | ||
| 260 | _b2010 | ||
| 260 | _cCHENNAI | ||
| 300 | _a224p. | ||
| 500 | _aincludes index and biblioraphy | ||
| 942 | _cBK | ||
| 999 |
_c91288 _d91288 |
||